[Event "Georgian 69th Women Championship"]
[Site "?"]
[Date "2012.04.28"]
[Round "1.1"]
[White "Arabidze, Meri"]
[Black "Paikidze, Nazi"]
[Result "1-0"]
[WhiteElo "2337"]
[BlackElo "2406"]
[PlyCount "83"]
[EventDate "2012.??.??"]

1. d4 d5 2. c4 dxc4 3. Nf3 Nf6 4. e3 e6 5. Bxc4 a6 6. O-O b5 7. Bd3 Bb7 8. a4
b4 9. Nbd2 c5 10. Qe2 Nc6 11. dxc5 Bxc5 12. Nb3 Bd6 13. e4 Ng4 14. Rd1 O-O 15.
h3 Nge5 16. Bb1 Nxf3+ 17. Qxf3 Qc7 18. Be3 Rfd8 19. Qe2 Bh2+ 20. Kh1 Rxd1+ 21.
Qxd1 Rd8 22. Qe2 Be5 23. Bd3 Bxb2 24. Rb1 Bd4 25. Bxa6 Bxa6 26. Qxa6 Bxe3 27.
fxe3 Ne5 28. Nd4 h6 29. Qe2 Qb7 30. a5 Qxe4 31. Rxb4 Nd3 32. Ra4 e5 33. Qf3 Qh4
34. a6 exd4 35. a7 Ne1 36. Qb7 Nd3 37. a8=Q Nf2+ 38. Kg1 Rxa8 39. Qxa8+ Kh7 40.
Rxd4 Qg3 41. Qc8 g6 42. Rf4 1-0

[Event "Georgian 69th Women Championship"]
[Site "?"]
[Date "2012.04.28"]
[Round "1.3"]
[White "Bokuchava, Madona"]
[Black "Lomineishvili, Maia"]
[Result "1/2-1/2"]
[WhiteElo "2058"]
[BlackElo "2366"]
[PlyCount "104"]
[EventDate "2012.??.??"]

1. d4 Nf6 2. Nf3 e6 3. c4 d5 4. Nc3 Bb4 5. cxd5 exd5 6. Bg5 h6 7. Bxf6 Qxf6 8.
Qb3 c5 9. e3 O-O 10. dxc5 Bxc3+ 11. Qxc3 Qxc3+ 12. bxc3 Be6 13. Nd4 Rc8 14. c4
Rxc5 15. Nxe6 fxe6 16. cxd5 exd5 17. g3 Nd7 18. Bg2 Nf6 19. O-O Rac8 20. Rfd1
b5 21. Rab1 a6 22. Bh3 R8c6 23. Rd4 Rc1+ 24. Rxc1 Rxc1+ 25. Kg2 Rc2 26. a4 Kf7
27. axb5 axb5 28. Rb4 Ne4 29. Rxb5 Rxf2+ 30. Kg1 Rd2 31. Rb7+ Kf6 32. Rb8 h5
33. Rf8+ Ke7 34. Rh8 g6 35. Rg8 Rd1+ 36. Kg2 Ng5 37. Bc8 Rd2+ 38. Kf1 Kf7 39.
Rd8 Nf3 40. h3 Ne5 41. Ke1 Nf3+ 42. Kf1 Ke7 43. Rd7+ Ke6 44. e4 Ke5 45. Rxd5+
Kxe4 46. Rxd2 Nxd2+ 47. Ke2 Nb3 48. Bb7+ Ke5 49. Ke3 Nd4 50. Bc8 g5 51. Bd7
Nc2+ 52. Kf3 Nd4+ {Ke4+} 1/2-1/2

[Event "Georgian 69th Women Championship"]
[Site "?"]
[Date "2012.04.28"]
[Round "1.4"]
[White "Melia, Salome"]
[Black "Khotenashvili, Bela"]
[Result "1/2-1/2"]
[WhiteElo "2400"]
[BlackElo "2490"]
[PlyCount "123"]
[EventDate "2012.??.??"]

1. e4 c6 2. d4 d5 3. Nc3 dxe4 4. Nxe4 Bf5 5. Ng3 Bg6 6. Nh3 Nf6 7. Bc4 Nbd7 8.
Nf4 e5 9. Nxg6 hxg6 10. O-O Bd6 11. Re1 O-O 12. Ne4 Nxe4 13. Rxe4 Qc7 14. Rh4
b5 15. Bb3 exd4 16. Qg4 Be7 17. Bg5 Bxg5 18. Qxg5 Nf6 19. Qxg6 c5 20. Qd3 Qd7
21. c4 b4 22. Bc2 Rfe8 23. Qf3 Rad8 24. Bh7+ Kf8 25. Bf5 Qe7 26. Rh8+ Ng8 27.
h3 Qf6 28. Bh7 Qxf3 29. gxf3 g6 30. Rxg8+ Ke7 31. Re1+ Kd7 32. Rgxe8 Rxe8 33.
Rxe8 Kxe8 34. f4 Kf8 35. f5 Kg7 36. fxg6 fxg6 37. Bxg6 Kxg6 38. f3 Kf5 39. Kf2
Kg5 40. Ke2 Kf5 41. Kf2 Kf4 42. h4 a6 43. Ke2 Kf5 44. Kf1 a5 45. Kf2 a4 46. Kg3
b3 47. axb3 axb3 48. Kf2 Kf4 49. Ke2 Kf5 50. Kf1 Kf4 51. Kf2 Kf5 52. Kg3 Kg6
53. f4 Kf5 54. Kf3 Kg6 55. Ke4 Kf6 56. f5 Kf7 57. h5 Kf6 58. h6 Kf7 59. Kf4 Kf6
60. Ke4 Kf7 61. Kf4 Kf6 62. Ke4 {Ke5+} 1/2-1/2

[Event "Georgian 69th Women Championship"]
[Site "?"]
[Date "2012.04.28"]
[Round "1.5"]
[White "Khurtsilava, Inga"]
[Black "Khukhashvili, Sopiko"]
[Result "0-1"]
[WhiteElo "2286"]
[BlackElo "2408"]
[PlyCount "70"]
[EventDate "2012.??.??"]

1. c4 g6 2. Nc3 Bg7 3. g3 e5 4. Bg2 Ne7 5. d3 c6 6. e4 d6 7. Nge2 Be6 8. O-O
Qd7 9. Bg5 h6 10. Be3 c5 11. Qd2 Nbc6 12. Nd5 Nd4 13. Nxe7 Qxe7 14. Nc3 Qd7 15.
Nd5 Rc8 16. b4 b5 17. Rab1 bxc4 18. dxc4 cxb4 19. Rxb4 Bxd5 20. exd5 O-O 21.
Bxh6 a5 22. Bxg7 Kxg7 23. Rb2 Rxc4 24. Qxa5 Qf5 25. f4 e4 26. h3 e3 27. Re1 Qd3
28. Kh2 Rc2 29. Rxc2 Nxc2 30. Rc1 e2 31. Rxc2 Qxc2 32. Kg1 Qd1+ 33. Kf2 Qd4+
34. Kxe2 Re8+ 35. Kf1 Qd1+ 0-1

[Event "Georgian 69th Women Championship"]
[Site "?"]
[Date "2012.04.28"]
[Round "1.6"]
[White "Charkhalashvili, Inga"]
[Black "Guramishvili, Sopiko"]
[Result "1/2-1/2"]
[WhiteElo "2334"]
[BlackElo "2395"]
[PlyCount "112"]
[EventDate "2012.??.??"]

1. d4 Nf6 2. c4 e6 3. Nf3 d5 4. Nc3 c6 5. cxd5 exd5 6. Bg5 Nbd7 7. e3 Qa5 8.
Bd3 Ne4 9. Qc2 Nxg5 10. Nxg5 g6 11. h4 Be7 12. a3 Nf8 13. Nf3 Be6 14. h5 g5 15.
Kd2 Qd8 16. Na4 g4 17. Ng1 Bg5 18. Ne2 Nd7 19. f4 gxf3 20. gxf3 Bh6 21. Bxh7
Qe7 22. Bd3 O-O-O 23. Rag1 Rde8 24. f4 Nf6 25. Qc5 Kb8 26. Qxe7 Rxe7 27. Rh4
Bc8 28. Nac3 b6 29. b4 Rhe8 30. Nd1 a5 31. bxa5 b5 32. Nec3 Ra7 33. a4 bxa4 34.
Nxa4 Rxa5 35. Ndc3 Kc7 36. Nc5 Rh8 37. Rc1 Rg8 38. Rh2 Kd6 39. Rb1 Ra7 40. Rb6
Kc7 41. Rb2 Ng4 42. Re2 Re8 43. Nd1 Ra1 44. Bb1 Ra3 45. Rb3 Rxb3 46. Nxb3 Nf6
47. Rh2 Bg4 48. Nf2 Bxh5 49. Nc5 Bf8 50. Ncd3 Bg6 51. Bc2 Bxd3 52. Kxd3 c5 53.
dxc5 Bxc5 54. Rh3 Ra8 55. Bb3 Re8 56. Nd1 Rb8 {Ke4} 1/2-1/2

[Event "Georgian 69th Women Championship"]
[Site "?"]
[Date "2012.04.29"]
[Round "2.1"]
[White "Paikidze, Nazi"]
[Black "Guramishvili, Sopiko"]
[Result "1-0"]
[WhiteElo "2406"]
[BlackElo "2395"]
[PlyCount "99"]
[EventDate "2012.??.??"]

1. e4 e5 2. Nf3 Nc6 3. Bb5 a6 4. Ba4 Nf6 5. O-O Be7 6. Re1 b5 7. Bb3 d6 8. c3
O-O 9. h3 Nb8 10. d4 Nbd7 11. Nbd2 Bb7 12. Bc2 Re8 13. Nf1 Bf8 14. Ng3 g6 15.
a4 Bg7 16. Bd3 c6 17. Bg5 Nf8 18. Qd2 Ne6 19. Be3 Qc7 20. Rec1 Red8 21. Ng5 Nd7
22. Nxe6 fxe6 23. f4 exf4 24. Bxf4 e5 25. Bh6 Nf8 26. Bc2 exd4 27. Bb3+ d5 28.
exd5 cxd5 29. Bxg7 Qxg7 30. cxd4 Ne6 31. Ne2 Qd7 32. axb5 axb5 33. Rxa8 Bxa8
34. Nf4 Rf8 35. Nxe6 Qxe6 36. Re1 Qf6 37. Qe3 Qh4 38. Ra1 Bc6 39. Qe6+ Kg7 40.
Qxc6 Qxd4+ 41. Kh1 Qxb2 42. Ra7+ Kh6 43. Qc7 Rf1+ 44. Kh2 Qd4 45. Qxh7+ Kg5 46.
h4+ Qxh4+ 47. Qxh4+ Kxh4 48. Bxd5 Kg5 49. Ra5 Rf5 50. Rxb5 1-0

[Event "Georgian 69th Women Championship"]
[Site "?"]
[Date "2012.04.29"]
[Round "2.2"]
[White "Khukhashvili, Sopiko"]
[Black "Charkhalashvili, Inga"]
[Result "1-0"]
[WhiteElo "2408"]
[BlackElo "2334"]
[PlyCount "101"]
[EventDate "2012.??.??"]

1. e4 c6 2. d4 d5 3. exd5 cxd5 4. c4 Nf6 5. Nc3 e6 6. Nf3 Be7 7. cxd5 Nxd5 8.
Bd3 Nc6 9. O-O O-O 10. Re1 Bf6 11. Be4 Nde7 12. Be3 Bd7 13. a3 a6 14. h4 Nf5
15. g3 Nxe3 16. Rxe3 Rc8 17. Rd3 Na5 18. Ne5 Bc6 19. b4 Bxe4 20. Nxe4 Nc4 21.
Nxf6+ gxf6 22. Nxc4 Rxc4 23. d5 Qd6 24. dxe6 Qxe6 25. Qf3 Re4 26. Rad1 Re8 27.
Rd6 Qh3 28. Rd8 Kg7 29. Rxe8 Rxe8 30. Qxb7 Qg4 31. Qd5 Re2 32. Kg2 Re5 33. Qf3
Qe6 34. Rd4 f5 35. Qc3 Qf6 36. Rc4 Re6 37. Qxf6+ Kxf6 38. Kf3 Rd6 39. Rc3 h6
40. Kf4 Rd4+ 41. Ke3 Rd6 42. Rd3 Rc6 43. Kd4 Rc2 44. f4 Ke6 45. Rc3 Rd2+ 46.
Kc4 Re2 47. Kc5 Kd7 48. Kb6 Re6+ 49. Kb7 Rg6 50. Rd3+ Ke7 51. a4 1-0

[Event "Georgian 69th Women Championship"]
[Site "?"]
[Date "2012.04.29"]
[Round "2.3"]
[White "Khotenashvili, Bela"]
[Black "Khurtsilava, Inga"]
[Result "1-0"]
[WhiteElo "2490"]
[BlackElo "2286"]
[PlyCount "109"]
[EventDate "2012.??.??"]

1. Nf3 c5 2. g3 Nc6 3. c4 g6 4. d4 cxd4 5. Nxd4 Bg7 6. Nc2 Ne5 7. Ne3 d6 8. Bg2
Nf6 9. Nc3 O-O 10. O-O Rb8 11. Bd2 a6 12. a4 Be6 13. b3 Qd7 14. Re1 Bh3 15. Bh1
h5 16. a5 Neg4 17. Ra2 h4 18. Ncd5 Nxd5 19. Nxd5 hxg3 20. hxg3 Bd4 21. e3 Bg7
22. Bb4 Ne5 23. Bc3 Bg4 24. f3 Be6 25. Nb6 Qc7 26. Qa1 Bf6 27. f4 Ng4 28. Bxf6
Nxf6 29. Rh2 Kg7 30. Bf3 Rh8 31. Ree2 Rxh2 32. Rxh2 Rh8 33. Rxh8 Kxh8 34. g4
Kg8 35. g5 Nd7 36. Qd4 Nb8 37. b4 Nd7 38. Kf2 Nb8 39. Be4 Nc6 40. Qc3 Nb8 41.
Qc2 Nc6 42. Qc3 Nb8 43. Kg3 Nd7 44. Qd4 Nb8 45. Qd3 Nc6 46. Qb1 Nd8 47. Bxg6
Kg7 48. Be4 f6 49. Qh1 fxg5 50. Qh7+ Kf8 51. Qh6+ Kf7 52. Bg6+ Kg8 53. Qh7+ Kf8
54. Qh8+ Bg8 55. Qh6# 1-0

[Event "Georgian 69th Women Championship"]
[Site "?"]
[Date "2012.04.29"]
[Round "2.4"]
[White "Lomineishvili, Maia"]
[Black "Melia, Salome"]
[Result "1/2-1/2"]
[WhiteElo "2366"]
[BlackElo "2400"]
[PlyCount "74"]
[EventDate "2012.??.??"]

1. e4 c5 2. Nf3 d6 3. d4 cxd4 4. Qxd4 a6 5. c4 Nc6 6. Qe3 g6 7. h3 Bg7 8. Be2
Nf6 9. Nc3 O-O 10. O-O Nd7 11. Rb1 a5 12. b3 Nc5 13. Bb2 f5 14. Rfd1 a4 15.
Nxa4 Nxe4 16. Bxg7 Kxg7 17. c5 Ra5 18. Nd2 Nxd2 19. Qxd2 Rf6 20. Qc3 e5 21. f4
Qc7 22. cxd6 Rxd6 23. fxe5 Rxd1+ 24. Rxd1 Qxe5 25. Qxe5+ Nxe5 26. Rc1 Bd7 27.
Rc7 Kf6 28. Nb6 Rxa2 29. Nxd7+ Nxd7 30. Bf1 Ne5 31. Rxb7 h5 32. b4 h4 33. b5
Rb2 34. b6 Kg5 35. Re7 Kf6 36. Rb7 Kg5 37. Re7 Kf6 1/2-1/2

[Event "Georgian 69th Women Championship"]
[Site "?"]
[Date "2012.04.29"]
[Round "2.5"]
[White "Batsiashvili, Nino"]
[Black "Bokuchava, Madona"]
[Result "1-0"]
[WhiteElo "2438"]
[BlackElo "2058"]
[PlyCount "111"]
[EventDate "2012.??.??"]

1. d4 Nf6 2. c4 e6 3. g3 d5 4. Nf3 Bb4+ 5. Nbd2 O-O 6. Bg2 c5 7. cxd5 cxd4 8.
O-O Nxd5 9. Nxd4 Nc6 10. Nxc6 bxc6 11. Qa4 a5 12. a3 Bxd2 13. Bxd2 Bb7 14. Rfd1
f5 15. e4 fxe4 16. Qxe4 Qf6 17. Be3 e5 18. Bc5 Rfe8 19. Rd2 a4 20. Re1 g5 21.
Qc2 Ra5 22. Re4 Qg6 23. Bb4 Raa8 24. Rg4 Qf6 25. h4 h6 26. Bc3 Bc8 27. hxg5
hxg5 28. Rxa4 Bf5 29. Rxa8 Rxa8 30. Qb3 Be6 31. Qb7 Rc8 32. Re2 Nxc3 33. bxc3
c5 34. Bd5 Rd8 35. Bxe6+ Qxe6 36. Qe4 Rd1+ 37. Re1 Rxe1+ 38. Qxe1 e4 39. a4 Qc4
40. a5 Qa4 41. Qe3 Qxa5 42. Qxg5+ Kf7 43. Qf5+ Kg7 44. Qe5+ Kf7 45. Kh2 Qa3 46.
g4 Qc1 47. Kg2 Qa3 48. Kg3 Kg8 49. g5 Qa5 50. Kf4 Qa1 51. Qxc5 Qh1 52. Qd5+ Kg7
53. Qe5+ Kf7 54. Qf5+ Kg7 55. Qf6+ Kg8 56. Qg6+ 1-0

[Event "Georgian 69th Women Championship"]
[Site "?"]
[Date "2012.04.29"]
[Round "2.6"]
[White "Arabidze, Meri"]
[Black "Gvetadze, Sofio"]
[Result "1-0"]
[WhiteElo "2337"]
[BlackElo "2334"]
[PlyCount "85"]
[EventDate "2012.??.??"]

1. d4 g6 2. c4 c5 3. d5 e5 4. Nc3 d6 5. e4 Bg7 6. Be2 Ne7 7. h4 h5 8. Nf3 Nd7
9. a3 Nf6 10. b4 b6 11. Ng5 O-O 12. Bd2 Bd7 13. Rb1 Qc8 14. O-O Ne8 15. Rb2 f6
16. Nf3 f5 17. bxc5 Qxc5 18. a4 Nf6 19. Nb5 fxe4 20. Ng5 Nf5 21. Bb4 Qc8 22.
Nxd6 Nxd6 23. Bxd6 Re8 24. a5 bxa5 25. c5 Bf5 26. Bb5 Bd7 27. Bc4 Bg4 28. Qd2
Bh6 29. Rfb1 Bf3 30. gxf3 exf3 31. Kf1 Qg4 32. Qc2 Qxh4 33. Nxf3 Qh3+ 34. Ke2
e4 35. Ng1 Qg4+ 36. Kf1 e3 37. f3 Qh4 38. Rb8 e2+ 39. Bxe2 Be3 40. Qxg6+ Kh8
41. Qg3 Qd4 42. Rxa8 Rxa8 43. Be5 1-0

[Event "Georgian 69th Women Championship"]
[Site "?"]
[Date "2012.04.30"]
[Round "3.1"]
[White "Gvetadze, Sofio"]
[Black "Paikidze, Nazi"]
[Result "1/2-1/2"]
[WhiteElo "2334"]
[BlackElo "2406"]
[PlyCount "165"]
[EventDate "2012.??.??"]

1. e4 c6 2. d4 d5 3. exd5 cxd5 4. c4 Nf6 5. Nc3 e6 6. Nf3 Bb4 7. cxd5 Nxd5 8.
Bd2 Nc6 9. Bd3 O-O 10. O-O Be7 11. Qe2 Bf6 12. Rad1 g6 13. Bh6 Bg7 14. Bxg7
Kxg7 15. Qe4 b6 16. Nxd5 exd5 17. Qf4 Qf6 18. Qxf6+ Kxf6 19. Rc1 Nb4 20. Bb1
Ba6 21. Rfe1 Rfc8 22. a3 Nd3 23. Bxd3 Bxd3 24. Ne5 Ba6 25. g4 Rxc1 26. Rxc1 Rc8
27. Rxc8 Bxc8 28. Kg2 Ke6 29. Kg3 f6 30. Nd3 Kd6 31. h4 Bd7 32. Kf4 Ke6 33. Ne1
Ba4 34. Ng2 Be8 35. g5 f5 36. Ne3 Bf7 37. h5 Be8 38. h6 Bf7 39. Nc2 Be8 40. Ne1
Kd6 41. Nf3 Ke6 42. Ne5 Kd6 43. Ke3 Ke6 44. f4 Kd6 45. Kd2 Ke6 46. Kc3 Kd6 47.
a4 Kc7 48. Kb4 Kd6 49. Nd3 Kc6 50. Nc1 Kd6 51. Ne2 Bc6 52. Nc3 Kc7 53. Nb5+ Kb8
54. a5 Bd7 55. Nc3 Be6 56. Ka3 Kb7 57. b4 Kc6 58. b5+ Kd6 59. Kb4 Bf7 60. Na4
Kc7 61. Nc5 Kd6 62. Nd3 Be8 63. Nb2 Bf7 64. Ka4 Be8 65. Kb4 Bf7 66. Nd1 Be8 67.
Nf2 Bf7 68. Nd3 Be8 69. Nb2 Bf7 70. Na4 Kc7 71. a6 Be8 72. Nb2 Bf7 73. Nd3 Kd6
74. Ka4 Be8 75. Nb4 Bd7 76. Nc2 Be8 77. Ne3 Bf7 78. Nd1 Be8 79. Kb4 Bf7 80. Nb2
Be8 81. Nd3 Kc7 82. Ne5 Kd6 83. Ka4 {Kxe5} 1/2-1/2

[Event "Georgian 69th Women Championship"]
[Site "?"]
[Date "2012.04.30"]
[Round "3.2"]
[White "Bokuchava, Madona"]
[Black "Arabidze, Meri"]
[Result "1/2-1/2"]
[WhiteElo "2058"]
[BlackElo "2337"]
[PlyCount "73"]
[EventDate "2012.??.??"]

1. d4 Nf6 2. Nf3 e6 3. c4 b6 4. g3 Ba6 5. b3 Bb4+ 6. Bd2 Be7 7. Bg2 c6 8. Bc3
d5 9. Nbd2 Nbd7 10. O-O O-O 11. Re1 c5 12. e4 dxe4 13. Nxe4 Nxe4 14. Rxe4 Bb7
15. Re3 Nf6 16. Rd3 Be4 17. Re3 Bb7 18. Ne5 Bxg2 19. Kxg2 cxd4 20. Bxd4 Rc8 21.
Rd3 Qc7 22. Qf3 Rfd8 23. Re1 Bf8 24. h4 a6 25. a4 b5 26. axb5 axb5 27. Re2 bxc4
28. bxc4 Bc5 29. Bxc5 Qxc5 30. Rxd8+ Rxd8 31. Qb7 Rf8 32. Re3 h5 33. Qb5 Rc8
34. Qxc5 Rxc5 35. f4 Rc7 36. Kf3 Ng4 37. Nxg4 1/2-1/2

[Event "Georgian 69th Women Championship"]
[Site "?"]
[Date "2012.04.30"]
[Round "3.4"]
[White "Khurtsilava, Inga"]
[Black "Lomineishvili, Maia"]
[Result "1-0"]
[WhiteElo "2286"]
[BlackElo "2366"]
[PlyCount "72"]
[EventDate "2012.??.??"]

1. c4 e5 2. Nc3 Nc6 3. g3 Nf6 4. Bg2 Bc5 5. e3 d6 6. Nge2 a6 7. a3 O-O 8. O-O
Ba7 9. d3 Be6 10. Nd5 Ne8 11. b4 Qd7 12. Nec3 Nd8 13. Ne4 c6 14. Ndc3 Bg4 15.
f3 Bh3 16. d4 Bxg2 17. Kxg2 f5 18. Nf2 Qf7 19. d5 Nf6 20. Qd3 cxd5 21. cxd5 Rc8
22. Bd2 Qh5 23. e4 fxe4 24. Ncxe4 Bd4 25. Nxf6+ gxf6 26. Rac1 Rxc1 27. Bxc1 Qf7
28. Bh6 Re8 29. Qf5 Bxf2 30. Rxf2 Qxd5 31. Qg4+ Kf7 32. Qd7+ Re7 33. Qxd8 e4
34. Qf8+ Ke6 35. Qg8+ Rf7 36. Qg4+ Ke5 1-0

[Event "Georgian 69th Women Championship"]
[Site "?"]
[Date "2012.04.30"]
[Round "3.5"]
[White "Charkhalashvili, Inga"]
[Black "Khotenashvili, Bela"]
[Result "1/2-1/2"]
[WhiteElo "2334"]
[BlackElo "2490"]
[PlyCount "51"]
[EventDate "2012.??.??"]

1. d4 g6 2. Nf3 Bg7 3. c4 Nf6 4. g3 c5 5. Bg2 Qa5+ 6. Bd2 Qb6 7. dxc5 Qxc5 8.
Qb3 Nc6 9. O-O d6 10. Be3 Qh5 11. Nc3 O-O 12. Qb5 Qxb5 13. cxb5 Na5 14. b3 Bd7
15. Rac1 Rfc8 16. Bd2 b6 17. Na4 Nb7 18. Nd4 d5 19. Nc6 Bf8 20. Bg5 Nd6 21.
Bxf6 exf6 22. Bxd5 Nxb5 23. Rfd1 Nd6 24. Nb2 Kg7 25. Bf3 Be8 26. Nd3 1/2-1/2

[Event "Georgian 69th Women Championship"]
[Site "?"]
[Date "2012.05.01"]
[Round "4.2"]
[White "Khotenashvili, Bela"]
[Black "Guramishvili, Sopiko"]
[Result "1-0"]
[WhiteElo "2490"]
[BlackElo "2395"]
[PlyCount "79"]
[EventDate "2012.??.??"]

1. d4 Nf6 2. c4 g6 3. Nc3 d5 4. Bf4 Bg7 5. Nf3 c5 6. dxc5 Qa5 7. cxd5 Nxd5 8.
Qxd5 Bxc3+ 9. Bd2 Bxd2+ 10. Qxd2 Qxc5 11. Rc1 Qf5 12. Nd4 Qd7 13. Qh6 Nc6 14.
Nxc6 bxc6 15. Qg7 Rf8 16. e3 Qd5 17. Qc3 Bd7 18. Rd1 Qe4 19. f3 Qh4+ 20. g3 Qf6
21. Qd2 Be6 22. Bg2 Rg8 23. b3 Kf8 24. O-O Kg7 25. Qa5 Rgb8 26. f4 Rb6 27. e4
Bg4 28. Rd2 Bc8 29. Rc1 Bb7 30. h3 h5 31. Qc3 Qxc3 32. Rxc3 a5 33. Rd7 Kf8 34.
e5 a4 35. Rc7 Raa6 36. Rd3 axb3 37. axb3 Ra1+ 38. Kh2 Ra8 39. Rdd7 Bc8 40. Rd8+
1-0

[Event "Georgian 69th Women Championship"]
[Site "?"]
[Date "2012.05.01"]
[Round "4.3"]
[White "Lomineishvili, Maia"]
[Black "Charkhalashvili, Inga"]
[Result "1/2-1/2"]
[WhiteElo "2366"]
[BlackElo "2334"]
[PlyCount "107"]
[EventDate "2012.??.??"]

1. e4 c6 2. d4 d5 3. exd5 cxd5 4. c4 Nf6 5. Nc3 e6 6. Nf3 Be7 7. cxd5 Nxd5 8.
Bd3 Nc6 9. O-O O-O 10. Re1 Bf6 11. Be4 Nce7 12. Qd3 g6 13. Bh6 Bg7 14. Bxg7
Kxg7 15. Rac1 b6 16. Bxd5 Nxd5 17. Nxd5 exd5 18. Qa3 Be6 19. Rc3 Re8 20. Rec1
Qe7 21. Qxe7 Rxe7 22. Ne5 f6 23. Nd3 Rae8 24. h3 Bf7 25. f3 Re2 26. R1c2 g5 27.
Kf1 R2e7 28. Nb4 a5 29. Nc6 Rc7 30. b4 Rec8 31. bxa5 Be8 32. axb6 Rxc6 33. b7
Rb8 34. Rxc6 Bxc6 35. Rxc6 Rxb7 36. Rc1 Ra7 37. Ra1 Ra4 38. a3 Kf7 39. Ke2 Ke6
40. Kd3 Kd6 41. Kc3 h5 42. Kd3 h4 43. Ra2 Kd7 44. Kc3 Kd6 45. Ra1 Rc4+ 46. Kd3
Ra4 47. Ke3 Ke6 48. Ra2 Ke7 49. f4 gxf4+ 50. Kxf4 Rxd4+ 51. Kf5 Ra4 52. Rd2
Rxa3 53. Rxd5 Ra2 54. Rd4 1/2-1/2

[Event "Georgian 69th Women Championship"]
[Site "?"]
[Date "2012.05.01"]
[Round "4.4"]
[White "Batsiashvili, Nino"]
[Black "Khurtsilava, Inga"]
[Result "1-0"]
[WhiteElo "2438"]
[BlackElo "2286"]
[PlyCount "121"]
[EventDate "2012.??.??"]

1. d4 Nf6 2. Nf3 e6 3. g3 b6 4. Bg2 Bb7 5. c4 Be7 6. Nc3 Ne4 7. Bd2 O-O 8. Qc2
f5 9. Rd1 d5 10. cxd5 Nxc3 11. bxc3 Bxd5 12. c4 Be4 13. Qb2 Nd7 14. Bc3 Bf6 15.
O-O Qe8 16. d5 Bxc3 17. Qxc3 e5 18. c5 Bxf3 19. exf3 bxc5 20. Rfe1 Qg6 21. f4
e4 22. f3 e3 23. Rxe3 Rae8 24. Rde1 Rxe3 25. Qxe3 Qd6 26. Qe6+ Qxe6 27. dxe6
Nb6 28. Bf1 Re8 29. Bd3 g6 30. g4 c4 31. Bc2 fxg4 32. fxg4 Kg7 33. f5 gxf5 34.
Bxf5 h6 35. Re5 Kf6 36. Rc5 Re7 37. Kf2 Nc8 38. Kf3 Nd6 39. Kf4 Rg7 40. h4 Re7
41. Ra5 Nc8 42. g5+ hxg5+ 43. hxg5+ Kg7 44. Ke5 Nb6 45. Ra3 Nc8 46. Rh3 Nd6 47.
g6 Ne8 48. Rh7+ Kf8 49. Rf7+ Rxf7 50. exf7 Ng7 51. Bc2 Ke7 52. Kd4 Ne6+ 53.
Kxc4 Nf4 54. Kc5 Ne6+ 55. Kd5 c6+ 56. Ke5 Nf8 57. Bf5 c5 58. g7 Kxf7 59.
gxf8=Q+ Kxf8 60. Kd5 Ke7 61. Kxc5 1-0

[Event "Georgian 69th Women Championship"]
[Site "?"]
[Date "2012.05.01"]
[Round "4.5"]
[White "Arabidze, Meri"]
[Black "Melia, Salome"]
[Result "1-0"]
[WhiteElo "2337"]
[BlackElo "2400"]
[PlyCount "61"]
[EventDate "2012.??.??"]

1. d4 g6 2. c4 Bg7 3. Nc3 c5 4. d5 d6 5. e4 e6 6. Bd3 Ne7 7. h3 O-O 8. Nf3 Nd7
9. O-O a6 10. a4 Ne5 11. Nxe5 Bxe5 12. Be3 exd5 13. cxd5 Re8 14. Qd2 Bd7 15.
Kh1 b5 16. f4 Bg7 17. f5 b4 18. Ne2 gxf5 19. exf5 Nxd5 20. Bg5 Bf6 21. Bh6 Bc6
22. Ng3 Kh8 23. Bc4 Re5 24. Nh5 Ra7 25. a5 Qe7 26. Rae1 Rd7 27. Bxd5 Rxd5 28.
Rxe7 Rxe7 29. Qf2 Bd4 30. Qg3 f6 31. Bg7+ 1-0

[Event "Georgian 69th Women Championship"]
[Site "?"]
[Date "2012.05.01"]
[Round "4.6"]
[White "Gvetadze, Sofio"]
[Black "Bokuchava, Madona"]
[Result "1/2-1/2"]
[WhiteElo "2334"]
[BlackElo "2058"]
[PlyCount "91"]
[EventDate "2012.??.??"]

1. e4 c5 2. Nf3 Nc6 3. d4 cxd4 4. Nxd4 g6 5. c4 Nf6 6. Nc3 d6 7. Nc2 Bg7 8. Be2
O-O 9. O-O Bd7 10. Be3 a6 11. f3 Rb8 12. Qd2 Ne5 13. a4 Rc8 14. Na3 Be6 15. Nd5
Bxd5 16. cxd5 Qc7 17. a5 Qb8 18. Rab1 e6 19. Rfd1 exd5 20. exd5 Rfe8 21. Bf1 h5
22. b4 Qc7 23. Rbc1 Qb8 24. b5 Qa8 25. h3 Rxc1 26. Rxc1 Rc8 27. f4 Ned7 28.
bxa6 bxa6 29. Rxc8+ Qxc8 30. Nc4 Ne4 31. Qb4 Bc3 32. Qb1 Qe8 33. Kh2 Nec5 34.
Qc1 Bb4 35. Nxd6 Qa8 36. Qc4 Qb8 37. Ne4 Nxe4 38. Qxe4 Bxa5 39. Bxa6 Nf6 40.
Qc4 Qd6 41. Bb7 Bc7 42. Kg1 Bb6 43. Qc8+ Kh7 44. Bxb6 Qxb6+ 45. Kh1 Ne4 46. Qd7
1/2-1/2

[Event "Georgian 69th Women Championship"]
[Site "?"]
[Date "2012.05.02"]
[Round "5.1"]
[White "Bokuchava, Madona"]
[Black "Paikidze, Nazi"]
[Result "1-0"]
[WhiteElo "2058"]
[BlackElo "2406"]
[PlyCount "99"]
[EventDate "2012.??.??"]

1. d4 Nf6 2. Nf3 e6 3. c4 c5 4. d5 b5 5. Bg5 exd5 6. cxd5 d6 7. Nc3 Be7 8. Nxb5
O-O 9. e3 Bb7 10. Nc3 Nbd7 11. Be2 Nb6 12. O-O Nbxd5 13. Nxd5 Nxd5 14. Bxe7
Qxe7 15. Nd2 Nf6 16. Bf3 d5 17. Qa4 Nd7 18. Rac1 Ne5 19. Qa3 Rfc8 20. Rfd1 Rc7
21. Be2 Rac8 22. Nf3 Nd7 23. Nd4 a6 24. Bg4 h5 25. Bh3 g5 26. Bf5 Qd6 27. e4
Qf6 28. Nb3 d4 29. Na5 c4 30. Qh3 Rd8 31. Rxc4 Rxc4 32. Nxc4 Nc5 33. Qxh5 Kf8
34. Qg4 Qh6 35. e5 Qh4 36. Qxh4 gxh4 37. Nd6 Bd5 38. Rxd4 Bxa2 39. Rxh4 Ke7 40.
b4 Ne6 41. Bd3 Ra8 42. Bc4 Bxc4 43. Rxc4 a5 44. bxa5 Rxa5 45. f4 f6 46. Nc8+
Kd8 47. exf6 Rf5 48. Ne7 Rxf6 49. Nc6+ Kd7 50. g3 1-0

[Event "Georgian 69th Women Championship"]
[Site "?"]
[Date "2012.05.02"]
[Round "5.2"]
[White "Melia, Salome"]
[Black "Gvetadze, Sofio"]
[Result "1/2-1/2"]
[WhiteElo "2400"]
[BlackElo "2334"]
[PlyCount "101"]
[EventDate "2012.??.??"]

1. e4 c5 2. Nf3 e6 3. c3 d5 4. exd5 exd5 5. d4 a6 6. Be2 Nf6 7. O-O cxd4 8.
Nxd4 Bd6 9. Qd3 O-O 10. Nf5 Bc5 11. Bg5 Nc6 12. Nd2 Ne5 13. Qg3 Ng6 14. Bd3 Bb6
15. Rae1 Bc7 16. Bxf6 gxf6 17. Qh3 Kh8 18. g3 Rg8 19. Kh1 Be6 20. Nb3 Bb6 21.
Qh5 Ne5 22. Nh6 Rg7 23. Bf5 d4 24. cxd4 Bxd4 25. f4 Ng6 26. Bxe6 fxe6 27. Rxe6
Ne5 28. fxe5 Qd5+ 29. Qf3 Qxe6 30. Nxd4 Qxe5 31. Qxf6 Qxf6 32. Rxf6 Rg6 33.
Rxg6 hxg6 34. Nf7+ Kg8 35. Ng5 Rc8 36. Kg2 Rc1 37. b3 Rd1 38. Ngf3 b5 39. a3
Rb1 40. h4 Rb2+ 41. Kh3 Ra2 42. Ne5 Kh7 43. Nec6 Rxa3 44. b4 Rd3 45. Kg4 a5 46.
bxa5 b4 47. a6 b3 48. Nxb3 Rxb3 49. a7 Ra3 50. Kf4 g5+ 51. Ke4 1/2-1/2

[Event "Georgian 69th Women Championship"]
[Site "?"]
[Date "2012.05.02"]
[Round "5.3"]
[White "Khurtsilava, Inga"]
[Black "Arabidze, Meri"]
[Result "1/2-1/2"]
[WhiteElo "2286"]
[BlackElo "2337"]
[PlyCount "61"]
[EventDate "2012.??.??"]

1. d4 Nf6 2. Nf3 e6 3. e3 c5 4. Bd3 b6 5. Nbd2 Bb7 6. b3 Be7 7. Bb2 Nc6 8. a3
O-O 9. O-O d5 10. Ne5 Nxe5 11. dxe5 Ne4 12. Qh5 g6 13. Qe2 Nxd2 14. Qxd2 Qc7
15. Qe2 Rfd8 16. Rad1 Rac8 17. c4 Rd7 18. e4 dxc4 19. Bxc4 Rcd8 20. Rxd7 Qxd7
21. Bc3 Bc6 22. a4 Qb7 23. f3 Bf8 24. Ba6 Qa8 25. h4 Bh6 26. g3 Bg7 27. Kf2 Bb7
28. Bc4 a6 29. h5 Qb8 30. hxg6 hxg6 31. Rd1 1/2-1/2

[Event "Georgian 69th Women Championship"]
[Site "?"]
[Date "2012.05.02"]
[Round "5.4"]
[White "Charkhalashvili, Inga"]
[Black "Batsiashvili, Nino"]
[Result "0-1"]
[WhiteElo "2334"]
[BlackElo "2438"]
[PlyCount "50"]
[EventDate "2012.??.??"]

1. d4 f5 2. g3 Nf6 3. Bg2 g6 4. c4 Bg7 5. Nc3 O-O 6. Nf3 d6 7. O-O Nc6 8. d5
Ne5 9. Nxe5 dxe5 10. e4 f4 11. Qb3 g5 12. Rd1 Kh8 13. c5 Qe8 14. Nb5 Qh5 15. f3
g4 16. Nxc7 fxg3 17. hxg3 gxf3 18. Bxf3 Bg4 19. Rf1 Bxf3 20. Qxf3 Ng4 21. Qg2
Rxf1+ 22. Kxf1 Rf8+ 23. Ke1 Rf2 24. Qxf2 Nxf2 25. Kxf2 Qh2+ 0-1